| 000 -LEADER |
| fixed length control field |
01890 a2200337 4500 |
| 003 - CONTROL NUMBER IDENTIFIER |
| control field |
OSt |
| 005 - DATE AND TIME OF LATEST TRANSACTION |
| control field |
20180116192333.0 |
| 008 - FIXED-LENGTH DATA ELEMENTS--GENERAL INFORMATION |
| fixed length control field |
120515t xxu||||| |||| 00| 0 eng d |
| 010 ## - LIBRARY OF CONGRESS CONTROL NUMBER |
| LC control number |
2003002424 |
| 020 ## - INTERNATIONAL STANDARD BOOK NUMBER |
| International Standard Book Number |
0471439630 (acid-free paper) |
| 020 ## - INTERNATIONAL STANDARD BOOK NUMBER |
| International Standard Book Number |
9780471439639 |
| 040 ## - CATALOGING SOURCE |
| Transcribing agency |
0 |
| 082 00 - DEWEY DECIMAL CLASSIFICATION NUMBER |
| Classification number |
727.3 |
| 100 1# - MAIN ENTRY--PERSONAL NAME |
| Personal name |
Neuman, David J. |
| 9 (RLIN) |
1362 |
| 245 10 - TITLE STATEMENT |
| Title |
Building type basics for college and university facilities / |
| Statement of responsibility, etc. |
David J. Neuman ... [et al.]. |
| 260 ## - PUBLICATION, DISTRIBUTION, ETC. |
| Place of publication, distribution, etc. |
Hoboken, NJ : |
| Name of publisher, distributor, etc. |
John Wiley, |
| Date of publication, distribution, etc. |
c2003. |
| 300 ## - PHYSICAL DESCRIPTION |
| Extent |
viii, 311 p. : |
| Other physical details |
ill. (some col.) ; |
| Dimensions |
24 cm. |
| 490 1# - SERIES STATEMENT |
| Series statement |
Building type basics |
| 500 ## - GENERAL NOTE |
| General note |
"Stephen A. Kliment, series founder and editor"--T.p. |
| 505 ## - FORMATTED CONTENTS NOTE |
| Formatted contents note |
1. Campus Planning (D. Neuman). 2. The New University and Sustainability: Recent Case Studies (D. Nelson). 3. Libraries/Learning Centers (J. Ruble & M. Yudell). 4. Academic Buildings and Professional Schools (G. Wyatt). 5. Science Teaching and Research Facilities (M. Lauber). 6. Housing (C. Davis). 7. Athletics and Recreation Facilities (R. Viklund). 8. Social and Support Facilities (J. Timberlake). 9. Cultural Centers (J. Gath_& D. Waters). Bibliography and References. Index. |
| 650 #0 - SUBJECT ADDED ENTRY--TOPICAL TERM |
| Topical term or geographic name entry element |
College buildings. |
| 9 (RLIN) |
1363 |
| 650 #0 - SUBJECT ADDED ENTRY--TOPICAL TERM |
| Topical term or geographic name entry element |
Campus planning. |
| 9 (RLIN) |
1364 |
| 650 #0 - SUBJECT ADDED ENTRY--TOPICAL TERM |
| Topical term or geographic name entry element |
College facilities |
| General subdivision |
Planning. |
| 9 (RLIN) |
1365 |
| 700 1# - ADDED ENTRY--PERSONAL NAME |
| Personal name |
Kliment, Stephen A. |
| 9 (RLIN) |
1366 |
| 830 #0 - SERIES ADDED ENTRY--UNIFORM TITLE |
| Uniform title |
Building type basics series |
| 9 (RLIN) |
1367 |
| 856 42 - ELECTRONIC LOCATION AND ACCESS |
| Materials specified |
Contributor biographical information |
| Uniform Resource Identifier |
<a href="http://www.loc.gov/catdir/bios/wiley046/2003002424.html">http://www.loc.gov/catdir/bios/wiley046/2003002424.html</a> |
| 856 42 - ELECTRONIC LOCATION AND ACCESS |
| Materials specified |
Publisher description |
| Uniform Resource Identifier |
<a href="http://www.loc.gov/catdir/description/wiley0310/2003002424.html">http://www.loc.gov/catdir/description/wiley0310/2003002424.html</a> |
| 856 42 - ELECTRONIC LOCATION AND ACCESS |
| Materials specified |
Table of contents |
| Uniform Resource Identifier |
<a href="http://www.loc.gov/catdir/toc/wiley031/2003002424.html">http://www.loc.gov/catdir/toc/wiley031/2003002424.html</a> |
| 942 ## - ADDED ENTRY ELEMENTS (KOHA) |
| Institution code [OBSOLETE] |
SADA |
| Koha item type |
Book |
| Call number prefix |
727.3 NEU 2003 |
| Source of classification or shelving scheme |
|